00343pab a2200133 454500008004000000100001900040245007400059260000900133300001300142362000800155650001100163700001900174773001600193180718b2010 xxu||||| |||| 00| 0 eng d aJoshi, tankesh aA new aspect for economic sustainability among tribes of Chhattisgarh c2010 ap.31-33. aNov aTribes aJoshi, Muktesh aKurukshetra